Una señora iba ... : poema popular /

Guardado en:
Autor Principal: Kaufman, Ruth
Otros Autores: Zaina, Alicia, Rojas, Sául Oscar; il.
Formato: Libro
Publicado: Buenos Aires : Cántaro, 2013
Series:Rincón de Lectura . Poesía para todos
Materias:
Etiquetas: Agregar Etiqueta
Sin Etiquetas, Sea el primero en etiquetar este registro!
LEADER 00860nam a22002655a 4500
001 CEM.cems015565
005 20191213164414.0
008 130507s2013##################000#0#####d
003 CEMS
020 |a 9789507533631 
082 0 4 |a A861.4 
100 1 |a Kaufman, Ruth 
245 1 0 |a Una señora iba ... :  |b poema popular /  |c Selección de Ruth Kaufman y Alicia Zaina ; ilustrado Por Saúl Oscar Rojas 
260 |a Buenos Aires :  |b Cántaro,  |c 2013 
300 |a 24 p. 
490 0 |a Rincón de Lectura . Poesía para todos 
653 |a Literatura 
653 |a Literatura argentina 
653 |a Literatura infantil 
653 |a Poesía 
653 |a Poesía infantil 
653 |a Colección ciencias de la educación 
700 1 |a Zaina, Alicia 
700 1 |a Rojas, Sául Oscar; il. 
859 |a CEMS  |b BIB. CEMS - Ccias. Educacion  |h A861.4  |i K162-6  |k CE  |p 29018.19  |t Ej.1